<?xml version="1.0" encoding="UTF-8"?>
<record
    xmlns:xsi="http://www.w3.org/2001/XMLSchema-instance"
    xsi:schemaLocation="http://www.loc.gov/MARC21/slim http://www.loc.gov/standards/marcxml/schema/MARC21slim.xsd"
    xmlns="http://www.loc.gov/MARC21/slim">

  <leader>02294nam a22002777a 4500</leader>
  <controlfield tag="003">OSt</controlfield>
  <controlfield tag="005">20250312153708.0</controlfield>
  <controlfield tag="008">250312b        |||||||| |||| 00| 0 eng d</controlfield>
  <datafield tag="020" ind1=" " ind2=" ">
    <subfield code="a">9789710740642</subfield>
  </datafield>
  <datafield tag="040" ind1=" " ind2=" ">
    <subfield code="c">Foundation University</subfield>
  </datafield>
  <datafield tag="050" ind1=" " ind2=" ">
    <subfield code="a">ML 3849</subfield>
    <subfield code="b">.2017 S955</subfield>
  </datafield>
  <datafield tag="100" ind1=" " ind2=" ">
    <subfield code="a">Sumera, Pamela Rose S.,</subfield>
    <subfield code="e">author.</subfield>
    <subfield code="9">10228</subfield>
  </datafield>
  <datafield tag="245" ind1=" " ind2=" ">
    <subfield code="a">Living with music, art , physical education, &amp; health 9 /</subfield>
    <subfield code="c">Pamela Rose S. Sumera, Laya Boquiren, Jo-ann G. Grecia, Conrado S. Contreras Jr., and Mark Kenneth S. Camiling</subfield>
  </datafield>
  <datafield tag="250" ind1=" " ind2=" ">
    <subfield code="a">1st Ed.</subfield>
  </datafield>
  <datafield tag="260" ind1=" " ind2=" ">
    <subfield code="a">Quezon City :</subfield>
    <subfield code="b">Vibal Group, Inc.,</subfield>
    <subfield code="c">2017.</subfield>
  </datafield>
  <datafield tag="300" ind1=" " ind2=" ">
    <subfield code="a">viii, 502 p. :</subfield>
    <subfield code="b">col. (ill.),</subfield>
    <subfield code="c">26 cm.</subfield>
  </datafield>
  <datafield tag="490" ind1=" " ind2=" ">
    <subfield code="a">Music, Art, Physical Education, &amp; Health.</subfield>
  </datafield>
  <datafield tag="500" ind1=" " ind2=" ">
    <subfield code="a">Living with Music, Art, PE, and Health (MAPEH) is a new high school series for Grades7-10.This Kto12 compliant series was developed in accordance with the objectives and thrusts of the the Department of Education's new basic education program, which hopes to holistically develop learners with 21st century skills. Thus, content, assessment, activities, approaches, and methodologies used in this series were carefully selected to address the demands and the challenges posed by the new curriculum.
The authors refer to the principles of teaching and learning as the underpinning guide in the development of each lesson. However, in the organization of contents, the series follows the 4 A's framework, which stands for Activity, Analysis, Abstraction, and Application. This instructional approach has been proven to be effective as evidenced by the results of learners' performance. It endeavors to create among learners better understanding through application of learning to real life situations, thereby allowing better appreciation of their relevance in their lives.</subfield>
  </datafield>
  <datafield tag="504" ind1=" " ind2=" ">
    <subfield code="a">Includes bibliographical references, glossaries, and photo credits.</subfield>
  </datafield>
  <datafield tag="650" ind1=" " ind2=" ">
    <subfield code="2">LC</subfield>
    <subfield code="a">Music, arts, physical education, and health</subfield>
    <subfield code="v">Teaching aids</subfield>
    <subfield code="x">Study and teaching</subfield>
    <subfield code="z">Philippines.</subfield>
    <subfield code="9">10224</subfield>
  </datafield>
  <datafield tag="700" ind1=" " ind2=" ">
    <subfield code="a">Boquiren, Laya</subfield>
    <subfield code="e">co-author.</subfield>
    <subfield code="9">5926</subfield>
  </datafield>
  <datafield tag="700" ind1=" " ind2=" ">
    <subfield code="a">Grecia, Jo-ann G.,</subfield>
    <subfield code="e">co-author.</subfield>
    <subfield code="9">10226</subfield>
  </datafield>
  <datafield tag="700" ind1=" " ind2=" ">
    <subfield code="a">Contreras, Conrado S.,</subfield>
    <subfield code="e">Jr./co-author.</subfield>
    <subfield code="9">10229</subfield>
  </datafield>
  <datafield tag="700" ind1=" " ind2=" ">
    <subfield code="a">Camiling, Mark Kenneth S.,</subfield>
    <subfield code="e">co-author.</subfield>
    <subfield code="9">10230</subfield>
  </datafield>
  <datafield tag="942" ind1=" " ind2=" ">
    <subfield code="2">lcc</subfield>
    <subfield code="c">BK</subfield>
    <subfield code="e">1st Ed.</subfield>
    <subfield code="h">ML 3849</subfield>
    <subfield code="i">.2017 S955</subfield>
    <subfield code="k">(FPA-JHS)</subfield>
    <subfield code="n">0</subfield>
  </datafield>
  <datafield tag="999" ind1=" " ind2=" ">
    <subfield code="c">4270</subfield>
    <subfield code="d">4270</subfield>
  </datafield>
  <datafield tag="952" ind1=" " ind2=" ">
    <subfield code="0">0</subfield>
    <subfield code="1">0</subfield>
    <subfield code="2">lcc</subfield>
    <subfield code="4">0</subfield>
    <subfield code="7">0</subfield>
    <subfield code="a">FU</subfield>
    <subfield code="b">FU</subfield>
    <subfield code="c">FPA-HSFIL</subfield>
    <subfield code="d">2025-03-12</subfield>
    <subfield code="e">Donation </subfield>
    <subfield code="l">0</subfield>
    <subfield code="o">(FPA-JHS) Fil. ML 3849 .2017 S955</subfield>
    <subfield code="p">0372025017067</subfield>
    <subfield code="r">2025-03-12 15:38:27</subfield>
    <subfield code="w">2025-03-12</subfield>
    <subfield code="y">BK</subfield>
    <subfield code="k">FPA-JHS-2025067</subfield>
  </datafield>
</record>
